000 00622 a2200169 4500
003 OSt
005 20231207152129.0
008 231207b |||||||| |||| 00| 0 eng d
020 _a9789389109351
040 _coclc
082 _a954
_bRIZ/W
100 1 _aRizvi, Saiyid Athar Abbas,
_d1921-
_92312
245 _aThe wonder that was India : Volume II,.
_bA survey of the history and culture of the Indian sub-continent from the coming of the Muslims to the British conquest, 1200-1700
_cS A A Rizvi
260 _bPicador India,
_c2022.
300 _a358p
942 _2ddc
_cBK
_h954
_iRIZ/W
_k954
_mRIZ/W
999 _c43725
_d43725